| 000 | 01613cam a2200133 4500500 | ||
|---|---|---|---|
| 005 | 20260405000028.0 | ||
| 041 | _afre | ||
| 042 | _adc | ||
| 100 | 1 | 0 |
_aGoyet, Mara _eauthor |
| 245 | 0 | 0 | _aLa civilisation du commentaire : Portrait de la vie en glose |
| 260 |
_bGallimard,
_c2026. |
||
| 520 | _aTrès déçu du péage de Saint-Arnoult: tel est l’un des 4000 commentaires reçus par cette barrière d’autoroute sur Internet. Oui, 4000… Ce foisonnement invite à réfléchir: pourquoi sommes-nous si nombreux à commenter la forme des dents d’une fourchette (trop carrées), une caverne néolithique (déçue par cette grotte) ou l’offre d’un restaurant (brochette de bœeuf très nerveuse) ? En quoi cette pratique modifie-t-elle notre rapport au monde et la place que nous tentons d’y occuper ? Sans rien dissimuler des aspects les plus sombres de ces gloses proliférantes, peut-on y voir aussi une démocratisation de l’écrit et une nouvelle étape de l’avancée vers l’égalité chère à Alexis de Tocqueville (je l’adore, allez Alexis !!!) ?Indéniablement, dans ces masses d’avis, au style aussi bancal que ciselé, touchant toutes les dimensions de l’existence, il y a quelque chose d’inédit et de passionnant, que cette enquête novatrice s’attache à explorer. Elle met ainsi en lumière les enseignements, la poésie, parfois l’absurde de cet espace numérique caractéristique de notre modernité. | ||
| 856 | 4 | 1 | _uhttps://shs.cairn.info/la-civilisation-du-commentaire--9782073060945?lang=fr&redirect-ssocas=7080 |
| 999 |
_c2033115 _d2033115 |
||